Computational design : (Record no. 140637)
[ view plain ]
| 000 -LEADER | |
|---|---|
| fixed length control field | 01914nam a22002297a 4500 |
| 005 - DATE AND TIME OF LATEST TRANSACTION | |
| control field | 20260427122748.0 |
| 008 - FIXED-LENGTH DATA ELEMENTS--GENERAL INFORMATION | |
| fixed length control field | 260427s2024 |||||||| |||| 001 0 eng d |
| 020 ## - INTERNATIONAL STANDARD BOOK NUMBER | |
| International Standard Book Number | 9781032407050 |
| 040 ## - CATALOGING SOURCE | |
| Transcribing agency | PK-LaUMT |
| 082 ## - DEWEY DECIMAL CLASSIFICATION NUMBER | |
| Classification number | 712.0285 |
| Item number | HAR-C |
| 100 1# - MAIN ENTRY--PERSONAL NAME | |
| Personal name | Harmon, Brendan |
| 245 10 - TITLE STATEMENT | |
| Title | Computational design : |
| Remainder of title | for landscape architects / |
| Statement of responsibility, etc | Brendan Harmon |
| 260 ## - PUBLICATION, DISTRIBUTION, ETC. (IMPRINT) | |
| Place of publication, distribution, etc | New York : |
| Name of publisher, distributor, etc | Routledge, |
| Date of publication, distribution, etc | 2024 |
| 300 ## - PHYSICAL DESCRIPTION | |
| Extent | vii, 224 p. |
| 500 ## - GENERAL NOTE | |
| General note | Index present |
| 520 ## - SUMMARY, ETC. | |
| Summary, etc | "This book is a guide to computational design for landscape architects replete with extensive tutorials. It introduces algorithmic approaches to modeling, analyzing, and designing landscapes. The aim of this book is to use algorithms to understand and design landscape as a generative system, i.e. to harness the processes that shape landscape to generate new forms. An algorithmic approach to design is gently introduced through visual programming with Grasshopper, before more advanced methods for simulating landscape dynamics are taught in Python, a high level programming language. Topics discussed will include parametric design, lidar, drone photogrammetry, terrain modeling, geomorphometry, hydrologic simulation, digital fabrication, robotics, and more. Each chapter includes sections on theory, methods, and either visual programming or scripting. Online resources for the book will include video tutorials, sample code, and datasets so that readers can easily follow along and try out the methods presented. This book is a much needed guide, both theoretical and practical, on generative design and geospatial modeling for students, educators, and practitioners of landscape architecture"-- Provided by publisher |
| 546 ## - LANGUAGE NOTE | |
| Language note | Eng |
| 650 ## - SUBJECT ADDED ENTRY--TOPICAL TERM | |
| Topical term or geographic name as entry element | Landscape architecture-computer-aided design |
| 650 ## - SUBJECT ADDED ENTRY--TOPICAL TERM | |
| Topical term or geographic name as entry element | Landscape design-Computer simulation |
| 650 ## - SUBJECT ADDED ENTRY--TOPICAL TERM | |
| Topical term or geographic name as entry element | Landscape design-Data processing |
| 942 ## - ADDED ENTRY ELEMENTS (KOHA) | |
| Koha item type | Books |
| Withdrawn status | Lost status | Damaged status | Home library | Current library | Date acquired | Full call number | Barcode | Date last seen | Price effective from | Koha item type |
|---|---|---|---|---|---|---|---|---|---|---|
| UMT Main Campus | UMT Main Campus | 2026-04-27 | 712.0285 HAR-C | 152459 | 2026-04-27 | 2026-04-27 | Books |
